Investigating entrepreneurial opportunities a practical guide for due diligence /

Bibliographic Details
Main Author: Green, Richard P.
Corporate Author: ProQuest (Firm)
Other Authors: Carroll, James J.
Format: Electronic eBook
Language:English
Published: Thousand Oaks, Calif : Sage Publications, c2000.
Series:Entrepreneurship and the management of growing enterprises.
Subjects:
Online Access:Click to View
LEADER 01737nam a2200433Ia 4500
001 EBC996341
003 MiAaPQ
005 20200520144314.0
006 m o d |
007 cr cn|||||||||
008 991102s2000 cau sb 001 0 eng d
010 |z  99050652  
020 |z 9780803959422 
020 |z 9781452221823 
020 |z 0803959419 (acid-free paper) 
020 |z 0803959427 (pbk. : acid-free paper) 
035 |a (MiAaPQ)EBC996341 
035 |a (Au-PeEL)EBL996341 
035 |a (CaPaEBR)ebr10581230 
035 |a (CaONFJC)MIL672587 
035 |a (OCoLC)809771750 
040 |a MiAaPQ  |c MiAaPQ  |d MiAaPQ 
050 4 |a HD1393.4.U6  |b G73 2000 
082 0 4 |a 658.1/6  |2 21 
100 1 |a Green, Richard P. 
245 1 0 |a Investigating entrepreneurial opportunities  |h [electronic resource] :  |b a practical guide for due diligence /  |c Richard P. Green II, James J. Carroll. 
260 |a Thousand Oaks, Calif :  |b Sage Publications,  |c c2000. 
300 |a xii, 182 p. 
490 1 |a Entrepreneurship and the management of growing enterprises 
504 |a Includes bibliographical references (p. 169-171) and index. 
533 |a Electronic reproduction. Ann Arbor, MI : ProQuest, 2015. Available via World Wide Web. Access may be limited to ProQuest affiliated libraries. 
650 0 |a Business enterprises  |x Purchasing  |z United States. 
650 0 |a Disclosure of information  |z United States. 
650 0 |a New business enterprises  |z United States. 
655 4 |a Electronic books. 
700 1 |a Carroll, James J. 
710 2 |a ProQuest (Firm) 
830 0 |a Entrepreneurship and the management of growing enterprises. 
856 4 0 |u https://ebookcentral.proquest.com/lib/matrademy/detail.action?docID=996341  |z Click to View